Longest-Running Vegas Shows in Modern History - Statistics

General Stats
  • This quiz has been taken 72 times
  • The average score is 3 of 12
Answer Stats
Days Performer(s) % Correct
1,726 Celine Dion
89%
622 Britney Spears
59%
1,864 Elton John
38%
1,005 Cher
31%
742 Shania Twain
20%
711 Bette Midler
18%
1,771 Barry Manilow
16%
2,557 Donnie and Marie Osmond
16%
1,072 Garth Brooks
13%
1,478 Rod Stewart
11%
923 Boyz II Men
5%
1,226 Carlos Santana
3%
No matching quizzes found
Score Distribution
Percent of People with Each Score
Percentile by Number Answered
Your Score History
You have not taken this quiz